00579nam a2200157Ia 4500008004100000020001800041041000800059082001600067100001400083245006000097260004200157300001900199650002700218999001900245952015700264230511s2004 xx 000 0 und d a81-291-0319-2 aeng a781.6909225 aRoy Ashok aMusic Makers- Living Legends of Indian Classical Music  aNew DelhibRupa & Co. New Delhic2004 a334HB 25X24 cm aWorking with Sound (P) c354919d354919 00104070aSPPbSPPd2023-05-11eBharati Madh.Sah. Grahak Bhandar Ltd Pune-411030g998.00l0o781.6909225pSPP-389r2023-05-11 00:00:00w2023-05-11yBK